000 00225 a2200097 4500
001 20518
100 _alavrishchev A
245 _aEconomic Geographic of the USSR
260 _a
_bProgress Publishers
_c
090 _c14915
_d14915
942 _aNUST-CAE
_cM
_c5464
999 _c255591
_d255591